01791cam a2200325 i 450000100090000000300040000900500170001300800410003001000170007102000220008803500130011004000280012304200080015105000220015908200120018110000360019324501020022926400430033130000230037433600260039733700280042333800270045150400530047850506820053165000230121365000270123665000200126365000320128377601500131520802464OSt20260318142413.0190108s2019 ilu b 001 0 eng  a 2019000335 a9781433565267qtp a20802464 aDLCbengcDLCerdadDLC apcc00aBR118b.O785 201900a2302231 aOrtlund, Gavin,d1983-eauthor.10aTheological retrieval for evangelicals :bwhy we need our past to have a future /cGavin Ortlund. 1aWheaton, Illinois :bCrossway,c[2019] a218 pages ;c23 cm atextbtxt2rdacontent aunmediatedbn2rdamedia avolumebnc2rdacarrier aIncludes bibliographical references and indexes.0 aA manifesto for theological retrieval -- Can evangelicals retrieve patristic and medieval theology? -- Why evangelicals need theological retrieval -- Benefits and perils of theological retrieval -- Case studies in theological retrieval -- Explorations in a theological metaphor: Boethius, Calvin, and Torrance on the creator/creation distinction -- Divine simplicity in patristic and medieval perspective: resourcing a contemporary discussion -- Substitution as both satisfaction and recapitulation: atonement themes in convergence in Irenaeus, Anselm, and Athanasius -- Cultivating skill in the "art of arts:" pastoral balance in Gregory the Great's The book of pastoral rule. 0aTheologyxHistory. 0aTheologyxMethodology. 0aEvangelicalism. 0aReformed ChurchxDoctrines.08iOnline version:aOrtlund, Gavin, 1983- author.tTheological retrieval for evangelicalsdWheaton : Crossway, 2019z9781433565274w(DLC) 2019021797